000 01539nam0a2200373 4500
001 RU\NLR\bibl\1019647
005 20250614234005.0
010 _a5-98180-259-6
_9500
021 _aRU
_b2006-65845
_93300
035 _a(nilc)EL/0000085770
035 _aRU\LSL\Books\2506795
035 _a(NLR Aleph) 001007191
090 _a615625
_c615625
100 _a20060911d2006 |||y0rusy50 ca
101 0 _arus
102 _aRU
105 _aa |||||||||
200 1 _aЛицензионный договор в гражданском праве России
_fЛ.Н. Хасимова
210 _aКазань
_cКазанский государственный университет
_d2006
215 _a131 с.
_d20
320 _aБиблиогр.: с. 119-130 (165 назв.) и в подстроч. примеч.
606 1 _aЛицензионные договоры
_xПравовые вопросы
_yРоссийская Федерация
_92206647
_3RU\NLR\auth\661325749
606 1 _aПромышленная собственность
_yРоссийская Федерация
_92277747
_3RU\NLR\auth\661364857
686 _aХ623.410.4
_vLBC/SL
_2rubbk
686 _a10.35
_2rugasnti
686 _aХ623.410.4
700 1 _aХасимова
_bЛ. Н.
_gЛейсан Нафисовна
_4070
801 0 _aRU
_bНБ Казанского ГУ
_c20060911
_gPSBO
801 1 _aRU
_bНБ Казанского ГУ
_c20060929
_gPSBO
801 2 _aRU
_bNLR
_c20061211
_grcr
942 _cBOOK
980 _aNB
980 _aNBR